Banca, salud y estímulo del empleo: servicios públicos desde la óptica de los refugiados y solicitantes en Costa Rica/

Guardat en:
Dades bibliogràfiques
Autor principal: Rodríguez Arrieta, José Daniel
Format: Llibre
Idioma:Spanish
Etiquetes: Afegir etiqueta
Sense etiquetes, Sigues el primer a etiquetar aquest registre!

MARC

LEADER 00000nam a22000007a 4500
003 cru CIDCACS/IIS
005 20180111141430.0
007 ta
008 180111s2017 cr |||p|r||||||0| ||spa d
999 |c 40800  |d 40800 
040 |c cru CIDCACS/IIS 
100 1 |9 6334  |a Rodríguez Arrieta, José Daniel 
245 1 |a Banca, salud y estímulo del empleo:  |b servicios públicos desde la óptica de los refugiados y solicitantes en Costa Rica/  |c José Daniel Rodríguez Arrieta 
300 |a páginas 111-129 
773 0 |0 18728  |9 1721  |a Universidad de Costa Rica  |d San José, Costa Rica Editorial UCR 1956-  |o 18440  |t Revista de Ciencias Sociales/ 
942 |2 ddc  |c PP